Detalles MARC
| 000 -LÍDER |
| Campo fijo de descripción fija |
01653aam a2200313 i 4500 |
| 001 - NÚMERO DE CONTROL |
| Campo de control |
768714001 |
| 003 - IDENTIFICADOR DEL NÚMERO DE CONTROL |
| Campo de control |
CO-MdFUSB |
| 005 - FECHA Y HORA DE LA ULTIMA TRANSACCIÓN |
| control field |
20240822113650.0 |
| 007 - CAMPO FIJO DE DESCRIPCIÓN FIJA--INFORMACIÓN GENERAL |
| Campo fijo de descripción fija |
ta |
| 008 - ELEMENTOS DE LONGITUD FIJA -- INFORMACIÓN GENERAL |
| Campo fijo de descripción fija -- Información general |
240511t1984 -us |||| |||| 001 0deng d |
| 020 ## - NÚMERO INTERNACIONAL NORMALIZADO PARA LIBROS |
| Número Internacional Normalizado del libro |
0-8010-0953-7 |
| 040 ## - FUENTE DE CATALOGACIÓN |
| Agencia de catalogación original |
CO-MdFUSB |
| Idioma de catalogación |
spa |
| Agencia que realiza la transcripción |
CO-MdFUSB |
| Agencia que realiza la modificación |
CO-MdFUSB |
| Convenciones de la descripción |
rda |
| 041 0# - CÓDIGO DE IDIOMA |
| Código de idioma para texto/pista de sonido o título separado |
eng |
| 082 04 - NÚMERO DE CLASIFICACIÓN DECIMAL DEWEY |
| Número de la edición del Dewey |
23 |
| Número de clasificación |
273 |
| Clave de autor-Numero de item |
B878 |
| 100 1# - ASIENTO PRINCIPAL--NOMBRE PERSONAL |
| Nombre personal |
Brown, Harold O.J. |
| Término relacionador |
autor |
| 245 10 - TÍTULO |
| Título del Material |
Heresies |
| Parte restante del título - Subtitulo |
: the image of Christ in the mirror of heresy and orthodoxy from the apostles to the present |
| Mención de responsabilidad, etc. |
/ Harold O.J. Brown |
| 264 #1 - PRODUCCIÓN, PUBLICACIÓN, DISTRIBUCIÓN, MANUFACTURA, Y COPYRIGHT |
| Nombre del productor, publicador, distribuidor |
Baker Book House, |
| Lugar de producción, publicación, distribución, manufactura |
Grand Rapids, Michigan : |
| Fecha de producción, publicación, distribución, manufactura, o copyright |
[1984] |
| 264 #4 - PRODUCCIÓN, PUBLICACIÓN, DISTRIBUCIÓN, MANUFACTURA, Y COPYRIGHT |
| Fecha de producción, publicación, distribución, manufactura, o copyright |
©1984 |
| 300 ## - DESCRIPCIÓN FÍSICA |
| Extensión |
486 páginas |
| Dimensiones |
; 23 cm |
| 336 ## - TIPO DE CONTENIDO |
| Fuente |
rdacontent |
| Término de tipo de contenido |
texto |
| Código de tipo de contenido |
txt |
| 337 ## - TIPO DE MEDIO |
| Fuente |
rdamedia |
| Nombre del tipo de medio |
sin mediación |
| Código del tipo de medio |
n |
| 338 ## - TIPO DE SOPORTE |
| Fuente |
rdacarrier |
| Nombre del tipo de soporte |
volumen |
| Código Tipo de soporte |
nc |
| 505 ## - NOTA DE CONTENIDO |
| Título |
El giro de la herejía. -- ¿Por que la herejía? -- Terreno en común. -- Estructura y variación. -- Antes del Nuevo Testamento. -- Los apólogos. -- Monarquismo. -- La gran alternativa: El arrianismo. -- La doctrina de la trinidad. -- Cristología. -- Problemas ¨menores¨ elección, libre albedrío, apostasía. -- Imágenes y herejía. -- Nuevas herejías, nuevos problemas. -- La nueva iglesia y la vieja herejía: Escolasticismo, las cruzadas y el dualismo. -- Los herejes piadosos. -- La reforma protestante. -- La era de la ortodoxia. -- Pietismo y herejía. -- La herejía de la iluminación. -- La ortodoxia del avivamiento un avivamiento de la ortodoxia. -- El resurgimiento y la recaída de la ortodoxia. |
| 563 ## - NOTA DE ENCUADERNACIÓN |
| Nota de encuadernación |
Rústica |
| 650 #7 - ASIENTO SECUNDARIO DE MATERIA - TERMINO TEMÁTICO |
| Término temático o nombre geográfico como elemento de entrada |
Herejías cristianas |
| 9 (RLIN) |
350 |
| 942 ## - TIPO DE MATERIAL (KOHA) |
| Tipo de Item KOHA |
Libros General |
| 945 ## - INFORMACIÓN LOCAL DEL REGISTRO |
| Catalogador |
Luz Peña |